Joueurs de football - par images #1 - Statistiques

Statistiques générales
  • Ce quiz a été pris 77 fois
  • Le résultat moyen est 21 sur 30
Statistiques - réponses
Par images Réponse % Correct
Neymar
100%
LLoris
98%
De Bruyne
95%
Pepe
95%
Iniesta
94%
Bale
92%
Nasri
92%
Lamine Yamal
91%
Robben
91%
Musiala
86%
Pogba
84%
Thiago Silva
81%
Aguero
75%
Ozil
72%
Slimani
69%
Tah
66%
Vardy
66%
Chiellini
64%
Sorloth
63%
El Shaarawy
61%
Balogun
58%
Witsel
56%
Koke
55%
Diego Costa
52%
Kebbal
52%
Szoboszlai
48%
Valencia
45%
Schneiderlin
38%
Giuly
36%
Conceiçao
33%
Aucun quiz correspondant
Distribution des résultats
% des personnes avec chaque résultat
Percentile par nombre de réponses
Votre historique - résultats
Vous n’avez pas pris ce quiz